Ο ρομαντισμός και οι χρήσεις του είδους
Αποθηκεύτηκε σε:
| Κύριος συγγραφέας: | |
|---|---|
| Άλλοι συγγραφείς: | , |
| Μορφή: | Βιβλίο |
| Γλώσσα: | Greek English |
| Δημοσίευση: |
Αθήνα:
Gutenberg,
2022.
|
| Θέματα: | |
| Ετικέτες: |
Προσθήκη ετικέτας
Δεν υπάρχουν, Καταχωρήστε ετικέτα πρώτοι!
|
MARC
| LEADER | 00000cam a2200000 a 4500 | ||
|---|---|---|---|
| 001 | 1/124809 | ||
| 008 | 220511s2022####gr | ||| |||| ||gre|| | ||
| 020 | |a 9789600122688 | ||
| 040 | |a GR-MyUa |b gre |c GR-MyUa |e AACR2 | ||
| 041 | 1 | |a gre |h eng | |
| 082 | 7 | |a 820.9145 |2 (23) | |
| 100 | 1 | |a Duff, David, |d 1962- | |
| 245 | 1 | 2 | |a Ο ρομαντισμός και οι χρήσεις του είδους / |c David Duff ; επιμέλεια - θεώρηση μετάφρασης - εισαγωγικό σημείωμα - σημειώσεις - επίμετρο: Δημήτρης Αγγγελάτος ; μετάφραση: Ιωάννα Σταματάκη, Νίκος Ι. Καγκελάρης. |
| 246 | 1 | |i Άλλοι τίτλοι: |a Romanticism and the uses of genre | |
| 260 | |a Αθήνα: |b Gutenberg, |c 2022. | ||
| 300 | |a 526 σ. : |b εικ. ; |c 25 εκ. | ||
| 500 | |a Τίτλος πρωτοτύπου: Romanticism and the uses of genre. | ||
| 504 | |a Περιέχει βιβλιογραφικές παραπομπές, επίμετρο και ευρετήριο. | ||
| 650 | 0 | |a Romanticism |z Great Britain. | |
| 650 | 0 | |a Literary form. | |
| 650 | 0 | |a English literature |y 18th century |x History and critisism. | |
| 650 | 0 | |a English literature |y 19th century |x History and criticism. | |
| 700 | 1 | |a Αγγελάτος, Δημήτρης, |e trl |e edt | |
| 700 | 1 | |a Σταματάκη, Ιωάννα, |e trlf | |
| 970 | |a Σιδερή |b Νεκταρία |z 2022/05/11 | ||